Legislación de accidentes de trabajo (Record no. 90295)

MARC details
000 -LEADER
campo de control de longitud fija 00619nam a2200157 i 4500
001 - NÚMERO DE CONTROL
campo de control 90295
003 - IDENTIFICADOR DE NÚMERO DE CONTROL
campo de control ES-MaACL
005 - FECHA Y HORA DE LA ÚLTIMA TRANSACCIÓN
campo de control 20230906180414.0
007 - CAMPO FIJO DE DESCRIPCIÓN FÍSICA--INFORMACIÓN GENERAL
campo de control de longitud fija t|
008 - DATOS DE LONGITUD FIJA--INFORMACIÓN GENERAL
campo de control de longitud fija 050119s1957 sp ||||1| spa d
245 00 - MENCIÓN DEL TÍTULO
Título Legislación de accidentes de trabajo
Resto del título : texto refundido de la Ley de Accidentes del Trabajo y Reglamento para su aplicación /
Mención de responsabilidad, etc. con anotaciones por Juan Mon Pascual ; y Apéndice con el Reglamento del Seguro de Enfermedades Profesionales.
260 ## - PUBLICACIÓN, DISTRIBUCIÓN, ETC.
Lugar de publicación, distribución, etc. Barcelona :
Nombre del editor, distribuidor, etc. Bayer Hnos,
Fecha de publicación, distribución, etc. 1957.
300 ## - DESCRIPCIÓN FÍSICA
Extensión 301 p. ;
Dimensiones 15 cm.
700 1# - ENTRADA AGREGADA--NOMBRE PERSONAL
Nombre de persona Mon Pascual, Juan.
9 (RLIN) 82095
852 ## - LOCALIZACIÓN
Ubicación ES-MaACL
Número de control de estantería C-17379
Sublocalización o colección R.42186
Holdings
Estatus retirado Estado de pérdida Estado de daño No para préstamo Biblioteca de origen Biblioteca actual Ubicación en estantería Fecha de adquisición Fuente de adquisición Total de préstamos Signatura topográfica completa Código de barras Visto por última vez Precio de reemplazo Tipo de ítem Koha
        Biblioteca del Ateneo de Madrid Biblioteca del Ateneo de Madrid Galería 17/01/2008     C-17379 1094290 23/02/2023 23/02/2023 Libro impreso